[Event "Bad Woerishofen op"]
[Site "Bad Woerishofen"]
[Date "2000.??.??"]
[Round "1"]
[White "Vonach, Bernhard"]
[Black "Babar, Michael"]
[Result "0-1"]
[WhiteElo "1740"]
[BlackElo "2170"]
[PlyCount "72"]
[EventDate "1998.03.05"]
[Source "ChessBase"]
[SourceDate "1998.04.29"]

1. e4 c5 2. Nc3 Nc6 3. f4 e6 4. Nf3 d5 5. exd5 exd5 6. Bb5 a6 7. Bxc6+ bxc6 8.
O-O Bd6 9. d3 Ra7 10. Qe1+ Ne7 11. Qg3 O-O 12. b3 Nf5 13. Qf2 Re7 14. g4 Nd4
15. f5 Nxf3+ 16. Qxf3 Be5 17. Bb2 Qd6 18. Rae1 Bd4+ 19. Kg2 Rxe1 20. Rxe1 Qf6
21. g5 Qxg5+ 22. Qg3 Qf6 23. Nxd5 cxd5 24. Bxd4 cxd4 25. Qe5 Qxe5 26. Rxe5 Rd8
27. Re7 Bxf5 28. Ra7 Rc8 29. Rxa6 h5 30. b4 Rxc2+ 31. Kf3 Bxd3 32. Ra8+ Kh7 33.
b5 Bxb5 34. a4 Be2+ 35. Kg3 d3 36. Kf2 Bg4+ 0-1

[Event "Bad Woerishofen op"]
[Site "?"]
[Date "2000.??.??"]
[Round "3"]
[White "Vonach, Bernhard"]
[Black "Wenz, Franz"]
[Result "0-1"]
[WhiteElo "1740"]
[BlackElo "1320"]
[PlyCount "116"]
[EventDate "2000.??.??"]

1. e4 e5 2. Nf3 Nc6 3. Bb5 d6 4. d4 Bd7 5. Nc3 a6 6. Bxc6 Bxc6 7. dxe5 dxe5 8.
Qxd8+ Rxd8 9. Nxe5 Bb4 10. Nxc6 Bxc3+ 11. bxc3 bxc6 12. O-O Ne7 13. Ba3 f6 14.
Rfd1 Kf7 15. Rd3 Ng6 16. Rad1 Rxd3 17. cxd3 Rb8 18. Kf1 Rb5 19. Bc1 Rb1 20. Ke2
Ra1 21. a3 Ra2+ 22. Ke3 Ke6 23. Rd2 Ra1 24. Rc2 Ne5 25. f3 c5 26. f4 Nc6 27.
f5+ Kd7 28. h3 Rb1 29. Kd2 Rb5 30. Rb2 Na5 31. Rxb5 axb5 32. g4 h5 33. Kc2 c4
34. Be3 cxd3+ 35. Kxd3 Nc4 36. Bc1 Ne5+ 37. Kd4 Kd6 38. a4 c5+ 39. Ke3 bxa4 40.
Ba3 Nc4+ 41. Kf3 Nxa3 42. Kf4 hxg4 43. Kxg4 Nc4 44. Kh5 a3 45. Kg6 Ke5 46. Kxg7
a2 47. h4 a1=Q 48. h5 Qg1+ 49. Kh8 Nd6 50. c4 Nf7+ 51. Kh7 Qh1 52. Kg8 Nh6+ 53.
Kh8 Qxh5 54. Kh7 Kxe4 55. Kg7 Kxf5 56. Kh8 Kg5 57. Kh7 Qg6+ 58. Kh8 Qg8# 0-1

[Event "Bad Woerishofen op"]
[Site "?"]
[Date "2000.??.??"]
[Round "5"]
[White "Vonach, Bernhard"]
[Black "Lang, Ludwig"]
[Result "1-0"]
[WhiteElo "1740"]
[BlackElo "1119"]
[PlyCount "33"]
[EventDate "2000.??.??"]

1. e4 e5 2. Nf3 Nc6 3. Bb5 a6 4. Ba4 Nf6 5. O-O Bd6 6. Re1 O-O 7. c3 b5 8. Bc2
Na7 9. d4 exd4 10. e5 Bxe5 11. Nxe5 dxc3 12. Nxc3 Bb7 13. Bg5 d6 14. Bxf6 gxf6
15. Qg4+ Kh8 16. Qf5 Bc8 17. Qxh7# 1-0

[Event "Bad Woerishofen op"]
[Site "?"]
[Date "2000.??.??"]
[Round "7"]
[White "Vonach, Bernhard"]
[Black "Mittelsteiner, Horst"]
[Result "1/2-1/2"]
[WhiteElo "1740"]
[BlackElo "2022"]
[PlyCount "80"]
[EventDate "2000.??.??"]

1. e4 d5 2. exd5 Nf6 3. d4 Bg4 4. f3 Bf5 5. Bb5+ Nbd7 6. c4 a6 7. Bxd7+ Qxd7 8.
a4 O-O-O 9. b4 e6 10. Bd2 exd5 11. c5 Bd3 12. Ra3 Re8+ 13. Kf2 Bc4 14. Re3 Be7
15. Na3 Bd8 16. Nxc4 dxc4 17. Ne2 Rxe3 18. Bxe3 Nd5 19. Bd2 Bf6 20. Re1 Qf5 21.
Qb1 Qd3 22. Qxd3 cxd3 23. Nc1 Bxd4+ 24. Kf1 Kd7 25. Nxd3 f6 26. Re4 Bc3 27.
Bxc3 Nxc3 28. Rd4+ Kc6 29. Nb2 Re8 30. Rd3 Nd5 31. Rd4 Ne3+ 32. Kf2 Nc2 33. Rc4
Ne3 34. Rd4 Nc2 35. Rc4 Na3 36. Rc3 Nb1 37. Rc1 Na3 38. Rc3 Nb1 39. Rc2 Rd8 40.
Nc4 Rd3 1/2-1/2

[Event "Bad Woerishofen op"]
[Site "?"]
[Date "2000.??.??"]
[Round "9"]
[White "Vonach, Bernhard"]
[Black "Wiesend, Bruno"]
[Result "0-1"]
[WhiteElo "1740"]
[BlackElo "2177"]
[PlyCount "84"]
[EventDate "2000.??.??"]

1. e4 e5 2. Nf3 Nf6 3. Nxe5 d6 4. Nf3 Nxe4 5. d4 d5 6. Bd3 Bd6 7. c4 c6 8. O-O
O-O 9. Nc3 Nxc3 10. bxc3 Bg4 11. cxd5 cxd5 12. Bxh7+ Kxh7 13. Ng5+ Qxg5 14.
Bxg5 Bxd1 15. Rfxd1 Nd7 16. Rab1 Nb6 17. Rb5 Rfe8 18. a4 Nxa4 19. Rxb7 Nxc3 20.
Ra1 Kg6 21. Bh4 a5 22. Rb6 Re6 23. Kf1 Rae8 24. f3 Bb4 25. Rxe6+ Rxe6 26. Bd8
Re8 27. Bb6 Rb8 28. Bc5 Rb5 29. Ke1 Bxc5 30. dxc5 Rxc5 31. Kd2 Kf6 32. h4 a4
33. Kd3 Rc4 34. g4 Ke5 35. f4+ Kxf4 36. Rf1+ Kxg4 37. Rxf7 g6 38. Rf6 Kh5 39.
Rd6 a3 40. Rxd5+ Nxd5 41. Kxc4 a2 42. Kb3 a1=Q 0-1

[Event "Bad Woerishofen op"]
[Site "Bad Woerishofen"]
[Date "2000.??.??"]
[Round "1"]
[White "Vossenkuhl, Joachim"]
[Black "Blessing, Tobias"]
[Result "1-0"]
[WhiteElo "2176"]
[BlackElo "1740"]
[PlyCount "49"]
[EventDate "1998.03.05"]
[Source "ChessBase"]
[SourceDate "1998.04.29"]

1. d4 d6 2. c4 e5 3. Nf3 e4 4. Nfd2 f5 5. e3 Nf6 6. Nc3 c6 7. Be2 g6 8. O-O Bh6
9. b4 O-O 10. a4 a5 11. bxa5 Qxa5 12. Qc2 Na6 13. Ba3 Rd8 14. Rfb1 Qc7 15. a5
Nb8 16. Nb3 Nbd7 17. Na4 Kh8 18. Nb6 Nxb6 19. axb6 Qf7 20. Bb4 Rb8 21. Ra7 g5
22. Na5 Qg6 23. Bc3 Bg7 24. d5 Qe8 25. Qb2 1-0

[Event "Bad Woerishofen op"]
[Site "?"]
[Date "2000.??.??"]
[Round "5"]
[White "Vossenkuhl, Joachim"]
[Black "Santl, Anton"]
[Result "0-1"]
[WhiteElo "2176"]
[BlackElo "2191"]
[PlyCount "88"]
[EventDate "2000.??.??"]

1. d4 Nf6 2. c4 g6 3. Nc3 Bg7 4. e4 d6 5. Nf3 O-O 6. Be2 e5 7. O-O Nc6 8. d5
Ne7 9. Ne1 Nd7 10. Be3 f5 11. f3 Nf6 12. c5 f4 13. Bf2 g5 14. g4 h5 15. h3 Kf7
16. Nd3 Rh8 17. cxd6 cxd6 18. Qb3 Ng6 19. Kg2 Bf8 20. Rh1 Be7 21. Rac1 Bd7 22.
Qxb7 Rh6 23. Qb3 Qh8 24. Rcg1 Qh7 25. Qd1 Bd8 26. b4 Bb6 27. Bxb6 axb6 28. Nf2
Nh4+ 29. Kf1 b5 30. Bxb5 Ra3 31. Bxd7 Rxc3 32. Be6+ Kf8 33. Nd3 Qa7 34. Rh2 Qe3
35. Ne1 Rc1 36. Qxc1 Qxc1 37. Rc2 Qd1 38. Rc8+ Ne8 39. Kf2 Rh8 40. gxh5 Qd4+
41. Kf1 Qe3 42. Bg4 Qa3 43. b5 Rh7 44. b6 Qa6+ 0-1

[Event "Bad Woerishofen op"]
[Site "?"]
[Date "2000.??.??"]
[Round "7"]
[White "Vossenkuhl, Joachim"]
[Black "Fuess, Marcus"]
[Result "1/2-1/2"]
[WhiteElo "2176"]
[BlackElo "1988"]
[PlyCount "28"]
[EventDate "2000.??.??"]

1. d4 Nf6 2. c4 d6 3. Nc3 g6 4. e4 Bg7 5. Nf3 O-O 6. Be2 Nbd7 7. O-O e5 8. Re1
c6 9. Bf1 Qc7 10. d5 c5 11. a3 Ne8 12. b4 b6 13. Nd2 f5 14. f3 Qd8 1/2-1/2

[Event "Bad Woerishofen op"]
[Site "?"]
[Date "2000.??.??"]
[Round "9"]
[White "Vossenkuhl, Joachim"]
[Black "Wallhof, Dieter"]
[Result "1/2-1/2"]
[WhiteElo "2176"]
[BlackElo "2060"]
[PlyCount "57"]
[EventDate "2000.??.??"]

1. d4 Nf6 2. Nf3 e6 3. g3 b6 4. Bg2 Bb7 5. O-O Be7 6. c4 d5 7. cxd5 exd5 8. Nc3
O-O 9. Bg5 Ne4 10. Bxe7 Qxe7 11. Rc1 Nd7 12. Nd2 Nxd2 13. Qxd2 Nf6 14. e3 Rfd8
15. Qd3 g6 16. Qb5 c6 17. Qa4 a5 18. Qc2 b5 19. Ne2 Re8 20. Nf4 Nd7 21. Nd3 f5
22. Nc5 Nxc5 23. Qxc5 Qxc5 24. Rxc5 a4 25. Rfc1 Rec8 26. R1c3 Kf8 27. h4 Ke7
28. a3 Kd6 29. Bf3 1/2-1/2

[Event "Bad Woerishofen op"]
[Site "Bad Woerishofen"]
[Date "2000.??.??"]
[Round "1"]
[White "Walke, Guenter"]
[Black "Laengl, Juergen"]
[Result "0-1"]
[WhiteElo "1838"]
[BlackElo "2248"]
[PlyCount "74"]
[EventDate "1998.03.05"]
[Source "ChessBase"]
[SourceDate "1998.04.29"]

1. d4 d5 2. e3 c5 3. c3 Nc6 4. Bd3 e5 5. dxe5 Nxe5 6. Bb5+ Nc6 7. Nf3 Nf6 8.
O-O Bd6 9. Nbd2 O-O 10. Bd3 Re8 11. Re1 Ne4 12. Qa4 Bf5 13. Qc2 Qf6 14. Nf1 c4
15. Bxe4 Bxe4 16. Qe2 Rac8 17. Rd1 g6 18. Ne1 Ne5 19. f3 Bd3 20. Qd2 Bc5 21.
Qf2 Rcd8 22. f4 Ng4 23. Qf3 Qf5 24. Ng3 Qd7 25. Nxd3 cxd3 26. Rxd3 Qb5 27. c4
Qxc4 28. Rc3 Qb4 29. Qxg4 d4 30. a3 Qb5 31. Rc2 dxe3 32. Re2 Rd1+ 33. Nf1 Qd3
34. Qf3 Bd4 35. g3 Rc8 36. Kg2 Rc2 37. Rd2 exd2 0-1

[Event "Bad Woerishofen op"]
[Site "?"]
[Date "2000.??.??"]
[Round "5"]
[White "Walke, Guenter"]
[Black "Dittler, Volkfried"]
[Result "0-1"]
[WhiteElo "1838"]
[BlackElo "1654"]
[PlyCount "106"]
[EventDate "2000.??.??"]

1. d4 Nf6 2. e3 e6 3. Bd3 d5 4. f4 c5 5. c3 Bd6 6. Nf3 O-O 7. O-O Nc6 8. Ne5
Ne4 9. Nd2 f5 10. Ndf3 Bd7 11. Nxd7 Qxd7 12. Ne5 Qe8 13. Bd2 Rf6 14. Be1 Rh6
15. Rc1 Rd8 16. Bb5 a6 17. Nxc6 bxc6 18. Bd3 c4 19. Be2 Be7 20. b3 cxb3 21.
axb3 c5 22. Bxa6 Ra8 23. Bd3 Nf6 24. Be2 Ra2 25. Bf3 Ng4 26. Bxg4 fxg4 27. Rf2
Qh5 28. h3 Ra8 29. Qxg4 Qf7 30. Qf3 Bh4 31. Rb2 Be7 32. dxc5 Bxc5 33. b4 Bb6
34. c4 Qa7 35. c5 Bd8 36. Bc3 Qb7 37. Be5 Qb5 38. Qf1 Qa4 39. c6 Bb6 40. Qd3
Rc8 41. b5 Rg6 42. Qb3 Qe4 43. Re2 Qf3 44. Qd3 Qxh3 45. Qxg6 Bxe3+ 46. Rxe3
Qxe3+ 47. Kh2 hxg6 48. Rb1 Qb6 49. Rb4 Rxc6 50. Bd4 Qb7 51. Rb2 Rc4 52. Be5 d4
53. b6 d3 0-1

[Event "Bad Woerishofen op"]
[Site "?"]
[Date "2000.??.??"]
[Round "7"]
[White "Walke, Guenter"]
[Black "Wawrinsky, Ludwig"]
[Result "0-1"]
[WhiteElo "1838"]
[BlackElo "1700"]
[PlyCount "65"]
[EventDate "2000.??.??"]

1. d4 e6 2. e3 b6 3. f4 Bb7 4. Nf3 f5 5. Bd3 Nf6 6. O-O Be7 7. Nbd2 d6 8. c4
O-O 9. d5 Ng4 10. Qe2 exd5 11. Nd4 Qd7 12. cxd5 Nh6 13. e4 Bf6 14. e5 dxe5 15.
fxe5 Re8 16. e6 Bxd4+ 17. Kh1 Qxd5 18. Bc4 Qd6 19. Qh5 Nc6 20. Nf3 Ne5 21. Bxh6
Nxc4 22. Rad1 Bxf3 23. Qxf3 c5 24. Qb7 gxh6 25. Qf7+ Kh8 26. Rfe1 Qe7 27. Qxf5
Qg5 28. Qe4 Rad8 29. Qc6 Nxb2 30. Rb1 Nd3 31. Re2 Qf5 32. a4 Nf2+ 33. Kg1 0-1

[Event "Bad Woerishofen op"]
[Site "?"]
[Date "2000.??.??"]
[Round "2"]
[White "Wallhof, Dieter"]
[Black "Platten, Herbert"]
[Result "1-0"]
[WhiteElo "2060"]
[BlackElo "1772"]
[PlyCount "47"]
[EventDate "2000.??.??"]

1. Nf3 e6 2. b3 d5 3. Bb2 c5 4. e3 a6 5. c4 dxc4 6. bxc4 Nc6 7. Be2 Nb4 8. Qb3
a5 9. a3 a4 10. Qc3 Nc6 11. Qc2 Bd7 12. Nc3 Nce7 13. Ne5 Nf6 14. Nxd7 Qxd7 15.
Nb5 Nc8 16. Be5 Nd6 17. Rb1 Nxb5 18. Rxb5 Nd5 19. cxd5 exd5 20. Qb1 Ra7 21. Bb8
Ra8 22. Rxb7 Qc8 23. Qb5+ Kd8 24. Qb6+ 1-0

[Event "Bad Woerishofen op"]
[Site "?"]
[Date "2000.??.??"]
[Round "4"]
[White "Wallhof, Dieter"]
[Black "Saumweber, Walter"]
[Result "1/2-1/2"]
[WhiteElo "2060"]
[BlackElo "2212"]
[PlyCount "98"]
[EventDate "2000.??.??"]

1. d4 f5 2. Nc3 d5 3. Nf3 Nf6 4. Bf4 c6 5. e3 g6 6. Bd3 Bg7 7. Ne2 Be6 8. c3
Nbd7 9. Ne5 O-O 10. h4 Bf7 11. Nxd7 Nxd7 12. h5 e5 13. hxg6 hxg6 14. dxe5 Nxe5
15. Bxe5 Bxe5 16. Qc2 c5 17. Bxf5 gxf5 18. Qxf5 Re8 19. O-O-O Qf6 20. Qh7+ Kf8
21. f4 Bc7 22. Rh3 Ba5 23. g4 d4 24. g5 Qe6 25. f5 Qxa2 26. Qh8+ Ke7 27. Qf6+
Kd7 28. Rh7 Re7 29. Nxd4 cxd4 30. Rxd4+ Ke8 31. Qh8+ Bg8 32. Rxe7+ Kxe7 33.
Qf6+ Ke8 34. Re4+ Kd7 35. Rd4+ Bd5 36. e4 Bxc3 37. Rxd5+ Qxd5 38. bxc3 Qxe4 39.
Qf7+ Kc6 40. Qf6+ Kd7 41. Qf7+ Qe7 42. Qd5+ Qd6 43. Qxb7+ Qc7 44. Qd5+ Qd6 45.
Qxa8 Qf4+ 46. Kb2 Qd2+ 47. Kb3 Qd1+ 48. Kb4 Qb1+ 49. Kc5 Qg1+ 1/2-1/2

[Event "Bad Woerishofen op"]
[Site "?"]
[Date "2000.??.??"]
[Round "6"]
[White "Wallhof, Dieter"]
[Black "Markus, John Raymond"]
[Result "0-1"]
[WhiteElo "2060"]
[BlackElo "2215"]
[PlyCount "102"]
[EventDate "2000.??.??"]

1. d4 Nf6 2. Nf3 c5 3. dxc5 Qa5+ 4. Nc3 Nc6 5. g3 g6 6. Bg2 Bg7 7. O-O O-O 8.
Nd2 Qxc5 9. Nce4 Nxe4 10. Nxe4 Qd4 11. c3 Qxd1 12. Rxd1 d6 13. Be3 h6 14. Nd2
a5 15. Nc4 Be6 16. Nb6 Ra6 17. Nd5 Bxd5 18. Bxd5 a4 19. a3 Rb8 20. Bc4 b5 21.
Bd5 Na5 22. Rac1 e6 23. Ba2 Nc4 24. Bxc4 bxc4 25. Rc2 Rb5 26. Bc1 d5 27. Rcd2
f5 28. e3 g5 29. f4 Bf6 30. Kf2 Kf7 31. Kf3 Ra8 32. h3 gxf4 33. gxf4 Rg8 34.
Rg2 Rxg2 35. Kxg2 Rb8 36. Rg1 e5 37. fxe5 Bxe5 38. Kf3 Bf6 39. Re1 Ke6 40. Rg1
Bg5 41. Rg2 Rb3 42. h4 Bxh4 43. Rg6+ Bf6 44. Rxh6 Rb7 45. Kf2 Ke5 46. Ke2 Rg7
47. Kd1 Rg2 48. Bd2 Bg5 49. Ra6 Ke4 50. Rd6 f4 51. Re6+ Kd3 0-1

[Event "Bad Woerishofen op"]
[Site "?"]
[Date "2000.??.??"]
[Round "8"]
[White "Wallhof, Dieter"]
[Black "Rostek, Bettina"]
[Result "1-0"]
[WhiteElo "2060"]
[BlackElo "1582"]
[PlyCount "85"]
[EventDate "2000.??.??"]

1. Nf3 d6 2. d4 Bg4 3. Nbd2 Nf6 4. b3 Nbd7 5. Bb2 c5 6. e3 a6 7. Be2 e6 8. O-O
Qc7 9. c4 Rc8 10. h3 Bf5 11. Nh4 g5 12. Nxf5 exf5 13. Bd3 f4 14. exf4 gxf4 15.
Re1+ Kd8 16. Bf5 Rg8 17. Nf3 Qb6 18. Qd2 Bh6 19. Kf1 Ne8 20. Bxd7 Kxd7 21. dxc5
Qxc5 22. Re5 Qb6 23. Rae1 Bf8 24. Bc3 Ng7 25. Rd5 Ne6 26. Ne5+ Ke8 27. Ng4 Be7
28. Nh6 Rg6 29. Nf5 Rc6 30. Ba5 Qa7 31. Nxd6+ Kf8 32. Nf5 f3 33. Nxe7 fxg2+ 34.
Kg1 Kxe7 35. Rd7+ Kf8 36. Bb4+ Kg8 37. Bc3 Rc8 38. Ba1 Kf8 39. Qd6+ Kg8 40. Qe5
Kf8 41. Qh8+ Rg8 42. Qxh7 Ng5 43. Qh6+ 1-0

[Event "Bad Woerishofen op"]
[Site "?"]
[Date "2000.??.??"]
[Round "3"]
[White "Wassem, Michael"]
[Black "Clasen, Sven-Olaf"]
[Result "0-1"]
[WhiteElo "1258"]
[BlackElo "2094"]
[PlyCount "66"]
[EventDate "2000.??.??"]

1. d4 Nf6 2. c4 g6 3. Nc3 d5 4. Bf4 e6 5. Nf3 c6 6. e3 Bg7 7. Qc2 O-O 8. cxd5
exd5 9. Bd3 Nbd7 10. O-O Re8 11. Rfe1 Nf8 12. a4 Ne6 13. Bg3 Bd7 14. b4 Rc8 15.
Qb3 Bf8 16. Rac1 Qe7 17. Na2 Ng7 18. Be5 Bg4 19. Be2 Ne4 20. Bxg7 Bxg7 21. Qb2
Nxf2 22. Kxf2 Qxe3+ 23. Kf1 Qf4 24. Rcd1 Re3 25. Kg1 Bxf3 26. gxf3 Rce8 27. Nc1
Bf8 28. Nd3 Qg5+ 29. Kh1 Bd6 30. f4 Bxf4 31. Nxf4 Qxf4 32. Qc2 Qf2 33. Qd2 Rh3
0-1

[Event "Bad Woerishofen op"]
[Site "?"]
[Date "2000.??.??"]
[Round "5"]
[White "Wassem, Michael"]
[Black "Holuba, Stefan"]
[Result "0-1"]
[WhiteElo "1258"]
[BlackElo "1740"]
[PlyCount "54"]
[EventDate "2000.??.??"]

1. d4 Nf6 2. c4 g6 3. Nf3 d5 4. Bf4 Bg7 5. Nc3 O-O 6. Nb5 Na6 7. e3 c6 8. Nc3
Bg4 9. cxd5 Nxd5 10. Nxd5 Qxd5 11. Bxa6 Qa5+ 12. Qd2 Qxa6 13. Ne5 Be6 14. a3
Rad8 15. Qb4 Rfe8 16. Rc1 Bd5 17. f3 f6 18. Nc4 e5 19. dxe5 fxe5 20. Bg5 Rd7
21. e4 Bf7 22. O-O Rd4 23. b3 b5 24. Qa5 Qb7 25. Qb4 Qb8 26. Be3 Rd3 27. Bxa7
Qxa7+ 0-1

[Event "Bad Woerishofen op"]
[Site "?"]
[Date "2000.??.??"]
[Round "7"]
[White "Wassem, Michael"]
[Black "Schweitzer, Paul"]
[Result "1-0"]
[WhiteElo "1258"]
[BlackElo "1690"]
[PlyCount "71"]
[EventDate "2000.??.??"]

1. d4 c6 2. c4 Nf6 3. Nf3 g6 4. Nc3 Bg7 5. Bf4 d6 6. e3 O-O 7. Qc2 Nbd7 8. Bd3
Qa5 9. a3 Re8 10. b4 Qd8 11. h3 e5 12. dxe5 Nxe5 13. Nxe5 dxe5 14. Bg5 a5 15.
b5 Be6 16. Rd1 Qe7 17. a4 Rad8 18. O-O h6 19. Bh4 Qc7 20. Ne4 g5 21. Bg3 Nxe4
22. Bxe4 Rxd1 23. Rxd1 cxb5 24. cxb5 Qxc2 25. Bxc2 b6 26. Rd6 Rb8 27. e4 Kf8
28. f3 Ke7 29. Rc6 Bd7 30. Rc3 Bf8 31. Bxe5 Rb7 32. Rc7 Rb8 33. Rxd7+ Kxd7 34.
Bxb8 Bc5+ 35. Kf1 f6 36. Bg3 1-0

[Event "Bad Woerishofen op"]
[Site "?"]
[Date "2000.??.??"]
[Round "9"]
[White "Wassem, Michael"]
[Black "Born, Bernd-Ludger"]
[Result "0-1"]
[WhiteElo "1258"]
[BlackElo "2056"]
[PlyCount "120"]
[EventDate "2000.??.??"]

1. d4 Nf6 2. c4 e6 3. Nf3 b6 4. Nc3 Bb7 5. Bf4 Be7 6. e3 O-O 7. Qc2 c5 8. Nb5
Ne8 9. dxc5 Bxc5 10. Rd1 Bb4+ 11. Nd2 a6 12. Nc3 Nf6 13. a3 Bxc3 14. Qxc3 d5
15. Bd3 dxc4 16. Nxc4 Nd5 17. Qd4 Nc6 18. Qe4 Qh4 19. g3 Qh3 20. Bf1 Qh5 21.
Be2 Qg6 22. Qxg6 hxg6 23. Nd6 Nxf4 24. Nxb7 Nxe2 25. Kxe2 Ra7 26. Nd6 Ne5 27.
Ne4 Nc4 28. Rb1 Rc7 29. Nd2 Nxd2 30. Kxd2 Rd8+ 31. Ke2 Rc2+ 32. Kf3 Rdd2 33.
Rhf1 Rxb2 34. Rxb2 Rxb2 35. a4 Rb4 36. Ra1 Kf8 37. Ke2 Rb2+ 38. Kf3 Ke7 39. h4
Rb4 40. Ke2 Kf6 41. f4 e5 42. Ra3 Kf5 43. fxe5 Kxe5 44. Kf3 f5 45. Ra2 Kd5 46.
Rd2+ Kc5 47. Rd7 Rxa4 48. Rxg7 Rg4 49. e4 Rxe4 50. Rxg6 a5 51. h5 a4 52. h6 Re8
53. h7 Rh8 54. Rh6 a3 55. Kf4 a2 56. Rh1 Rxh7 57. Ra1 Ra7 58. Kxf5 b5 59. g4 b4
60. g5 b3 0-1

[Event "Bad Woerishofen op"]
[Site "?"]
[Date "2000.??.??"]
[Round "2"]
[White "Wawrinsky, Ludwig"]
[Black "Damm, Fabian"]
[Result "0-1"]
[WhiteElo "1700"]
[BlackElo "1980"]
[PlyCount "58"]
[EventDate "2000.??.??"]

1. e4 e5 2. Nf3 Nc6 3. Bb5 a6 4. Ba4 Nf6 5. O-O Be7 6. Re1 b5 7. Bb3 O-O 8. c3
d5 9. exd5 Nxd5 10. Nxe5 Nxe5 11. Rxe5 c6 12. d4 Bd6 13. Re1 Qh4 14. g3 Qh3 15.
Qf3 Bg4 16. Qg2 Qh5 17. Bxd5 cxd5 18. Be3 Bf3 19. Qf1 f5 20. Bc1 Rae8 21. Nd2
Be2 22. Qg2 f4 23. b4 f3 24. Qh1 Qf5 25. h3 Bxg3 26. Nf1 Bd6 27. Ne3 Rxe3 28.
Rxe2 Rxe2 29. Be3 Rxe3 0-1

[Event "Bad Woerishofen op"]
[Site "?"]
[Date "2000.??.??"]
[Round "4"]
[White "Wawrinsky, Ludwig"]
[Black "Neubauer, Ralf"]
[Result "0-1"]
[WhiteElo "1700"]
[BlackElo "2045"]
[PlyCount "69"]
[EventDate "2000.??.??"]

1. e4 d5 2. exd5 Qxd5 3. Nc3 Qa5 4. d4 c6 5. Nf3 Nf6 6. Bd2 Bf5 7. Ne4 Qc7 8.
Nxf6+ gxf6 9. Bc3 Nd7 10. Nh4 Bg6 11. Nxg6 hxg6 12. g3 e6 13. Qf3 Bg7 14. h4
O-O-O 15. O-O-O f5 16. g4 Nb6 17. gxf5 exf5 18. b3 Nd5 19. Bb2 Nf4 20. Kb1 Bf6
21. Bc1 Ne6 22. d5 Qe5 23. c3 cxd5 24. Bg2 Rxh4 25. Rhe1 Qxc3 26. Qxc3+ Bxc3
27. Re2 d4 28. Ba3 Nf4 29. Bf3 Rh3 30. Bxb7+ Kxb7 31. Re7+ Kb6 32. Rxf7 d3 33.
Be7 Rdh8 34. b4 Rh1 35. Bc5+ 0-1

[Event "Bad Woerishofen op"]
[Site "?"]
[Date "2000.??.??"]
[Round "6"]
[White "Wawrinsky, Ludwig"]
[Black "Glas, Stefan"]
[Result "0-1"]
[WhiteElo "1700"]
[BlackElo "1949"]
[PlyCount "60"]
[EventDate "2000.??.??"]

1. e4 c5 2. Nf3 d6 3. Bc4 Nf6 4. Nc3 Nc6 5. h3 a6 6. a3 b5 7. Ba2 g6 8. d3 Bg7
9. Be3 O-O 10. Qc1 Bb7 11. Bh6 e6 12. Bxg7 Kxg7 13. O-O Qc7 14. Re1 Rac8 15.
Ne2 d5 16. Ng3 dxe4 17. dxe4 Ne5 18. Nh2 c4 19. Qe3 Ned7 20. Rad1 Nc5 21. Qc3
Na4 22. Qb4 Rcd8 23. Rxd8 Rxd8 24. b3 cxb3 25. cxb3 Nb2 26. Bb1 Qc6 27. f3 Qb6+
28. Kf1 Nd1 29. Ng4 Nxg4 30. hxg4 Qf2# 0-1

[Event "Bad Woerishofen op"]
[Site "?"]
[Date "2000.??.??"]
[Round "8"]
[White "Wawrinsky, Ludwig"]
[Black "Auer, Hans"]
[Result "0-1"]
[WhiteElo "1700"]
[BlackElo "1905"]
[PlyCount "144"]
[EventDate "2000.??.??"]

1. e4 d6 2. d4 Nf6 3. Nc3 g6 4. f3 Bg7 5. Be3 Nc6 6. Qd2 e5 7. d5 Ne7 8. O-O-O
Bd7 9. Qf2 a6 10. g4 h5 11. g5 Nh7 12. h4 f5 13. Qd2 f4 14. Bf2 b5 15. a3 O-O
16. Na2 Qc8 17. Kb1 Qb7 18. Ne2 a5 19. b3 Rfb8 20. Nec1 Nf8 21. Nd3 Nc8 22. Nb2
c5 23. dxc6 Bxc6 24. Bh3 Nd7 25. Be6+ Kh7 26. Bd5 Bf8 27. Bxc6 Qxc6 28. Qd5
Qxd5 29. exd5 Ne7 30. Nc3 Nf5 31. Ne4 Be7 32. Rc1 Bd8 33. a4 Bb6 34. axb5 Bxf2
35. Nxf2 Rxb5 36. Ne4 Ra6 37. Nc3 Rb7 38. Nba4 Nd4 39. Rhf1 Nc5 40. Nxc5 dxc5
41. Ne4 Rb5 42. Nc3 Rb4 43. Ne4 c4 44. d6 a4 45. d7 Ra8 46. Rf2 Rbb8 47. Rd1
axb3 48. cxb3 Rxb3+ 49. Rb2 Rxf3 50. Rb7 Rb3+ 51. Rxb3 cxb3 52. Rc1 Rd8 53. Rc8
Ne6 54. Kb2 Kg7 55. Kxb3 Rxd7 56. Nf6 Rd8 57. Rxd8 Nxd8 58. Kc4 Nc6 59. Kd5 f3
60. Ne4 Ne7+ 61. Kxe5 Nf5 62. Kf4 Nxh4 63. Kg3 Nf5+ 64. Kxf3 Kf7 65. Nf6 Ke6
66. Nh7 Ke5 67. Nf8 Ne7 68. Kg3 Kf5 69. Nh7 Nc6 70. Kh4 Ne5 71. Kg3 Nd7 72. Kh4
Ke6 0-1

[Event "Bad Woerishofen op"]
[Site "?"]
[Date "2000.??.??"]
[Round "2"]
[White "Weber, Ludwig"]
[Black "Walke, Guenter"]
[Result "1-0"]
[WhiteElo "1400"]
[BlackElo "1838"]
[PlyCount "60"]
[EventDate "2000.??.??"]

1. e4 d5 2. e5 Bf5 3. Bb5+ c6 4. Ba4 Nd7 5. f4 Nc5 6. Bb3 d4 7. Nf3 d3 8. c3
Qb6 9. Bc4 Ne4 10. Nd4 Nh6 11. Qb3 Qxb3 12. Bxb3 e6 13. Bc4 Bc5 14. b4 Bb6 15.
b5 O-O 16. a4 cxb5 17. axb5 Rfc8 18. Na3 Nc5 19. Ba2 Be4 20. O-O Nf5 21. Nc4
Nxd4 22. cxd4 Nd7 23. Nxb6 axb6 24. Bb2 Rc2 25. Bxe6 Rxa1 26. Rxa1 fxe6 27. Bc3
Kf7 28. Kf2 h5 29. g3 Kg6 30. Ke3 Nf8 1-0

[Event "Bad Woerishofen op"]
[Site "?"]
[Date "2000.??.??"]
[Round "4"]
[White "Weber, Ludwig"]
[Black "Hipp, Hermann"]
[Result "0-1"]
[WhiteElo "1400"]
[BlackElo "2032"]
[PlyCount "166"]
[EventDate "2000.??.??"]

1. e4 d6 2. c3 Nf6 3. Bd3 c5 4. Qe2 Nc6 5. Bc2 Bg4 6. f3 Bd7 7. d3 e5 8. Nd2 b5
9. Nf1 a5 10. Qf2 b4 11. c4 a4 12. Bd1 Be7 13. g4 Nd4 14. Ne2 h6 15. h4 Ng8 16.
Ne3 g6 17. Nxd4 exd4 18. Nd5 Nf6 19. Nxe7 Qxe7 20. Be2 Be6 21. Bd2 a3 22. b3
Nd7 23. O-O-O O-O-O 24. Rde1 Ne5 25. Qg3 f5 26. g5 h5 27. Bf4 Nc6 28. Bf1 Qd7
29. Bg2 Rhe8 30. Kd2 Kc7 31. Re2 fxe4 32. fxe4 Bg4 33. Rf2 Rf8 34. Rhf1 Kb6 35.
Qh2 Qe7 36. Bg3 Ne5 37. Rf6 Rxf6 38. Rxf6 Kb7 39. Qg1 Rf8 40. Qf2 Rxf6 41. gxf6
Qf8 42. Qf4 Kc7 43. Qg5 Qe8 44. Qh6 Qf7 45. Qg5 Qe8 46. Bf4 Kd7 47. Qh6 Qf7 48.
Bg5 Ke8 49. Qg7 Qxg7 50. fxg7 Be6 51. Bh3 Bg8 52. Bf6 Kf7 53. Bd8 Ke8 54. Bc7
Ke7 55. Bc8 Nf7 56. Bb7 Kd7 57. Bb8 Nd8 58. Bd5 Nf7 59. Ke2 Nh6 60. Kf3 Bxd5
61. exd5 Ke7 62. Kf4 Kf7 63. Bxd6 Nf5 64. Bb8 Kxg7 65. Ba7 Nxh4 66. Bxc5 Nf5
67. Ba7 Kf6 68. c5 g5+ 69. Kf3 g4+ 70. Kg2 Ne3+ 71. Kg1 Nxd5 72. c6 Ke6 73.
Bxd4 Nc3 74. Kg2 Nxa2 75. Ba1 Nc1 76. d4 Nxb3 77. d5+ Ke7 78. Be5 Kd8 79. d6
Nc5 80. Bd4 Nd7 81. Kg3 b3 82. Bc3 b2 83. Ba5+ Kc8 0-1

[Event "Bad Woerishofen op"]
[Site "?"]
[Date "2000.??.??"]
[Round "6"]
[White "Weber, Ludwig"]
[Black "Gerhards, Walter"]
[Result "0-1"]
[WhiteElo "1400"]
[BlackElo "1900"]
[PlyCount "120"]
[EventDate "2000.??.??"]

1. e4 e6 2. c3 d5 3. e5 f6 4. Bd3 Nh6 5. Qe2 c5 6. Bc2 Nc6 7. exf6 Qxf6 8. d3
Nf5 9. Nf3 Bd6 10. Nbd2 O-O 11. Nf1 Bd7 12. Ng3 Rae8 13. Bg5 Qf7 14. O-O-O h6
15. Bd2 b5 16. Rdg1 a5 17. Nf1 b4 18. c4 Nfd4 19. Qd1 Ne5 20. Nxd4 cxd4 21. f4
Ng6 22. g3 e5 23. Qh5 dxc4 24. dxc4 e4 25. Qd1 Qxc4 26. Kb1 Kh7 27. h4 d3 28.
Bb3 Qc6 29. Qh5 a4 30. Bd1 Bc5 31. Ne3 a3 32. b3 Qf6 33. Nc4 Bxg1 34. Bxb4 e3
35. Rxg1 e2 36. Re1 Bf5 37. Bd2 exd1=Q+ 38. Rxd1 Re2 39. g4 Nxf4 40. Qxf5+ Qxf5
41. gxf5 Rxf5 42. Nxa3 Ng2 43. Nc4 Nxh4 44. Kb2 Nf3 45. Kc3 Rd5 46. a4 Nxd2 47.
Nxd2 g5 48. b4 g4 49. b5 g3 50. b6 g2 51. b7 Rd8 52. a5 Re6 53. Kb4 Rb8 54. Nf3
Rxb7+ 55. Kc5 Re3 56. Ng1 Re5+ 57. Kc6 Ra7 58. Kb6 Rexa5 59. Rxd3 R5a6+ 60. Kb5
Ra1 0-1